00397 2200157 4500001002100000008004100021035002000062245004400082100002000126250000600146260003900152084001400191082000800205650001400213990001200227INLIS000000000001566 ind  a0010-0125000064 aJendela IPTEK KehidupancEka Purjiyanta aPurjiyanta, Eka a1 aJakarta :bPT. Balai Pustakac2011 a600 EKA j a600 aNon Fiksi a0714449